LEADER 01302nam 2200349Ia 450 001 996386950903316 005 20200824132754.0 035 $a(CKB)4940000000077897 035 $a(EEBO)2240955314 035 $a(OCoLC)ocm12590333e 035 $a(OCoLC)12590333 035 $a(EXLCZ)994940000000077897 100 $a19850923d1645 uy | 101 0 $aeng 135 $aurbn||||a|bb| 200 10$aTwo sermons preached to the honourable House of Commons$b[electronic resource] $eat two publike fasts, the one March 30, 1642, the other April 30, 1645 : the former opening the necessity and benefit of washing the heart : the later, discovering the vanity and mischief of an heart unwashed /$fby Cor. Burges.. 210 $aLondon $cPrinted by J.R. for Phil Stephens...$d1645 215 $a[4], 50 p 300 $aImperfect: First sermon only. 300 $aReproduction of original in Thomason Collection, British Library. 330 $aeebo-0158 606 $aFast-day sermons 615 0$aFast-day sermons. 700 $aBurges$b Cornelius$f1589?-1665.$01002137 801 0$bEAA 801 1$bEAA 801 2$bm/c 801 2$bWaOLN 906 $aBOOK 912 $a996386950903316 996 $aTwo sermons preached to the Honourable House of Commons$92396604 997 $aUNISA